Η σχέση σχολείου, οικογένειας και κοινότητας : (Record no. 9954)
[ view plain ]
| 000 -LEADER | |
|---|---|
| fixed length control field | 03345nam a22002297a 4500 |
| 003 - ΤΑΥΤΟΤΗΤΑ ΤΟΥ ΑΡΙΘΜΟΥ ΕΛΕΓΧΟΥ | |
| Πεδίο ελέγχου | GRAtEVE |
| 005 - ΗΜΕΡΟΜΗΝΙΑ ΚΑΙ ΩΡΑ ΤΕΛΕΥΤΑΙΑΣ ΕΝΗΜΕΡΩΣΗΣ | |
| Πεδίο ελέγχου | 20251118114232.0 |
| 006 - FIXED-LENGTH DATA ELEMENTS--ADDITIONAL MATERIAL CHARACTERISTICS | |
| Πεδίο ελέγχου σταθερού μήκους | a|||||r||||||||||| |
| 008 - FIXED-LENGTH DATA ELEMENTS--GENERAL INFORMATION | |
| Πεδίο ελέγχου σταθερού μήκους | e2024 gr ||||||b||||||||||gre|d |
| 020 ## - ISBN | |
| ISBN | 9789600125269 |
| 040 ## - ΠΗΓΗ ΚΑΤΑΛΟΓΟΓΡΑΦΗΣΗΣ | |
| Φορέας πρωτότυπης καταλογογράφησης | MC Athens Campus Library |
| Γλώσσα καταλογογράφησης | Ελληνικά, Μοντέρνα (1453-) |
| Modifying agency | MC Athens Campus Library |
| 100 ## - MAIN ENTRY--PERSONAL NAME | |
| Personal name | Πεντέρη, Ευθυμία |
| 9 (RLIN) | 10147 |
| 245 12 - ΤΙΤΛΟΣ ΚΑΙ ΔΗΛΩΣΗ ΥΠΕΥΘΥΝΟΤΗΤΑΣ | |
| Τίτλος | Η σχέση σχολείου, οικογένειας και κοινότητας : |
| Remainder of title | κοινωνικο-παιδαγωγικές και αναπτυξιακές διαστάσεις για τη γονική εμπλοκή στην προσχολική και πρωτοσχολική ηλικία / |
| Statement of responsibility, etc. | Ευθυμία Πεντέρη, Κωνσταντίνος Πετρογιάννης |
| 264 #1 - PRODUCTION, PUBLICATION, DISTRIBUTION, MANUFACTURE, AND COPYRIGHT NOTICE | |
| Place of production, publication, distribution, manufacture | Αθήνα : |
| Name of producer, publisher, distributor, manufacturer | Εκδόσεις Gutenberg, |
| Date of production, publication, distribution, manufacture, or copyright notice | 2024 |
| 300 ## - PHYSICAL DESCRIPTION | |
| Extent | 318 σελίδες : |
| Other physical details | εικονογράφηση (ασπρόμαυρη) ; |
| Διαστάσεις | 24 εκ. |
| 520 ## - SUMMARY, ETC. | |
| Summary, etc. | Το ζήτημα της σχέσης σχολείου-οικογένειας παραμένει ένα από τα πιο σύνθετα και επίκαιρα θέματα που απασχολούν εκπαιδευτικούς, ψυχολόγους, ερευνητές και θεωρητικούς της<br/>εκπαίδευσης. Το βιβλίο αυτό αναλύει τις πολυδιάστατες πτυχές τής εν λόγω σχέσης, επικεντρώνοντας στη γονική εμπλοκή, τη συνεργασία σχολείου-οικογένειας-κοινότητας και τις αναπτυξιακές, πολιτισμικές και συστημικές διαστάσεις. Εξετάζει τον ρόλο του σχολείου και των εκπαιδευτικών στην ενίσχυση των γονέων και τη δημιουργία μιας ολοκληρωμένης εκπαιδευτικής εμπειρίας.<br/>Η προσέγγιση του βιβλίου βασίζεται σε κοινωνικο-παιδαγωγικές αρχές, επισημαίνοντας τη συνεργατική σχέση μεταξύ σχολείου, οικογένειας και κοινότητας. Αντιμετωπίζει τις προκλήσεις της γονικής εμπλοκής με βάση τα αναπτυξιακά χαρακτηριστικά του παιδιού και το πλαίσιο της εκπαίδευσης. Επίσης, εξετάζει τις πολιτισμικές παραμέτρους και τις επιδράσεις στα παιδιά,<br/>ενώ αποδίδει ιδιαίτερη έμφαση στη βιο-οικοσυστημική και οικοπολιτισμική θεωρία.<br/>Το βιβλίο απευθύνεται σε γονείς, εκπαιδευτικούς και όσους ενδιαφέρονται για τη γονική εμπλοκή και τη συνεργασία σχολείου-οικογένειας-κοινότητας, προωθώντας μια ολοκληρωμένη και<br/>αναπτυξιακά κατάλληλη προσέγγιση. |
| 650 #0 - SUBJECT ADDED ENTRY--TOPICAL TERM | |
| Topical term or geographic name entry element | Οικογένεια και σχολείο |
| 9 (RLIN) | 10148 |
| 650 #0 - SUBJECT ADDED ENTRY--TOPICAL TERM | |
| Topical term or geographic name entry element | Εκπαίδευση, Προσχολική |
| 9 (RLIN) | 9952 |
| 700 1# - ΠΡΟΣΘΕΤΗ ΑΝΑΓΡΑΦΗ--ΦΥΣΙΚΟ ΠΡΟΣΩΠΟ | |
| Personal name | Πετρογιάννης, Κωνσταντίνος Γ. |
| 9 (RLIN) | 8245 |
| 942 ## - ADDED ENTRY ELEMENTS (KOHA) | |
| Koha item type | Books |
| Τύπος τεκμηρίου | Βιβλιοθήκη | Τρέχουσα τοποθεσία | Barcode | Ημερομηνία απόκτησης | Ταξιθετικό σύμβολο | Αριθμός αντιτύπου | Κατάσταση απόσυρσης | Κατάσταση χαμένου | Κατάσταση κατεστραμμένου | Μη δανεισμός | Σύνολο δανεισμών | Ημερομηνία τελευταίας εμφάνισης | Η τιμή ισχύει από |
|---|---|---|---|---|---|---|---|---|---|---|---|---|---|
| Books | MC Athens Campus Library | MC Athens Campus Library | 9780000099570 | 18/11/2025 | 371.192 ΠΕΝ | 1 | 18/11/2025 | 18/11/2025 |